ਭਾਈ ਨੰਦ ਲਾਲ ਗੋਯਾ / (Record no. 48775)

MARC details
000 -LEADER
fixed length control field 01036nam a22002417a 4500
005 - DATE AND TIME OF LATEST TRANSACTION
control field 20090825120337.0
008 - FIXED-LENGTH DATA ELEMENTS--GENERAL INFORMATION
fixed length control field 090728t xxu||||| |||| 00| 0 pun d
010 ## - LCCN (DPL NO)
LC control number PUN-6496
020 ## - INTERNATIONAL STANDARD BOOK NUMBER
Terms of availability 200.00
035 ## - SYSTEM CONTROL NUMBER
System control number PN-5614
037 ## - SOURCE OF ACQUISITION
Source of stock number/acquisition DBAD / PUB
040 ## - CATALOGING SOURCE
Original cataloging agency dpl
Language of cataloging pn
082 ## - DEWEY DECIMAL CLASSIFICATION NUMBER
Classification number 920
100 ## - MAIN ENTRY--PERSONAL NAME
9 (RLIN) 24414
245 ## - TITLE STATEMENT
Title ਭਾਈ ਨੰਦ ਲਾਲ ਗੋਯਾ /
Statement of responsibility, etc ਅਮਰਜੀਤ ਸਿੰਘ ਅਮਰ ਅਤੇ ਤਰਿੰਦਰ ਸਿੰਘ ਸੋਨੀ ਦ੍ਵਾਰਾ ਸੰਪਾਦਿਤ
246 ## - VARYING FORM OF TITLE
Title proper/short title Bhai Nand lal Goya
Remainder of title ed by Amarjit Singh Amar & tarinder Singh Soni
260 ## - PUBLICATION, DISTRIBUTION, ETC. (IMPRINT)
Place of publication, distribution, etc ਨਵੀਂ ਦਿੱਲੀ
Name of publisher, distributor, etc ਭਾਈ ਨੰਦ ਲਾਲ ਗੋਯਾ ਚੈਰੀਟੇਬਲ ਟਰੱਸਟ
Date of publication, distribution, etc 2010
270 ## - ADDRESS
Address 1825/11, ਗੋਬਿੰਦ ਪੁਰੀ ਐਕਸਟੇਂਸ਼ਨ,
City ਨਵੀਂ ਦਿੱਲੀ
Postal code 110 019
300 4# - PHYSICAL DESCRIPTION
Extent 114 ਸਫੇ
Dimensions 22 ਸੇਮੀ (ਸਜਿਲੱਦ)
650 ## - SUBJECT ADDED ENTRY--TOPICAL TERM
9 (RLIN) 24412
Topical term or geographic name as entry element ਜੀਵਨ
650 ## - SUBJECT ADDED ENTRY--TOPICAL TERM
Topical term or geographic name as entry element Autobiography
9 (RLIN) 24431
942 ## - ADDED ENTRY ELEMENTS (KOHA)
Source of classification or shelving scheme Dewey Decimal Classification
Item type Punjabi Bks
Classification part 921
Call number suffix ਨੰਦਲਾ

No items available.


© Delhi Public Library
Hit Counter
free hit counter